Algo acerca de la fundación definitiva de la capital de Jalisco /

Exposición de algunos conceptos acerca de la fundación de la ciudad de Guadalajara en el siglo XVI, la cual no es una ciudad con tradición indígena sino más bien de tradición española.

Guardado en:
Detalles Bibliográficos
Autor principal: Dávila Garibi, José Ignacio (autor)
Formato: Libro
Idioma:Español
Temas:
Etiquetas: Agrega una etiqueta
Sin etiquetas, Sé el primero en etiquetar este registro!

MARC

LEADER 00000nam^a2200000^a^4500
001 000133268
005 20250521000000.0
009 20260310095125.847
037 |a Acervo ITESO - Biblioteca 
041 |a ESP 
082 |a 972. 35203  |b DAV 
100 |a Dávila Garibi, José Ignacio  |e (autor) 
245 1 0 |a Algo acerca de la fundación definitiva de la capital de Jalisco /  |c J.I. Dávila Garibi. 
264 |a México :  |b Cultura,  |c 1943 
300 |a 17 p. 
336 |a texto  |b txt  |2 rdacontenido 
337 |a sin mediación  |b n  |2 rdamedio 
338 |a volumen  |b nc  |2 rdasoporte 
520 |a Exposición de algunos conceptos acerca de la fundación de la ciudad de Guadalajara en el siglo XVI, la cual no es una ciudad con tradición indígena sino más bien de tradición española. 
649 |a XX 
650 |a Guadalajara, Jalisco -  |x Historia -  |y Siglo XVI 
650 |a Guadalajara, Jalisco -  |x Historia -  |y Virreinato, 1535-1821 
650 |a Guadalajara, Jalisco -  |x Historia -  |y Epoca Colonial, 1517-1821 
650 |a Jalisco -  |x Historia -  |y Siglo XVI 
650 |a Jalisco -  |x Historia -  |y Virreinato, 1535-1821 
650 |a Jalisco -  |x Historia -  |y Epoca Colonial, 1517-1821 
650 |a México -  |x Historia -  |y Siglo XVI 
650 |a México -  |x Historia -  |y Virreinato, 1535-1821 
650 |a México -  |x Historia -  |y Epoca Colonial, 1517-1821 
910 |a Fondo Salvador Reynoso Reynoso 
920 |a Impresos - Libros 
930 |a Fondos Especiales 
905 |a 112 
901 |a 0800012828  |b IT2  |c ESP  |u 20250521 
902 |a https://opac.biblio.iteso.mx/vufind/Record/000133268